Od deficitu k prebytku : Od izolácie ku konvertibilite /

Salvato in:
Dettagli Bibliografici
Autori principali: Troják, Jozef (Autore), Dolák, Štefan (Autore)
Natura: Libro
Lingua:slovacco
Pubblicazione: Bratislava : Alfa, 1990
Edizione:1.vyd.
Soggetti:
Tags: Aggiungi Tag
Nessun Tag, puoi essere il primo ad aggiungerne!!

MARC

LEADER 00000nam a22000003a 4500
001 stu35604
005 20150617225731.0
008 920429s1990----cs------------------slo-d
040 |a STU  |b slo 
041 0 |a slo 
044 |a cs 
080 |a 330.101.8(437) 
100 1 |a Troják, Jozef  |4 aut 
245 1 |a Od deficitu k prebytku :  |b Od izolácie ku konvertibilite /  |c [aut.]Štefan Dolák, Jozef Troják 
250 |a 1.vyd. 
260 |a Bratislava :  |b Alfa,  |c 1990 
300 |a 140 s 
650 7 |a Ekonomika čsl  |2 stusub 
700 1 |a Dolák, Štefan  |4 aut 
996 |b 284M023019  |c M*7145-1  |l MMKN  |s A  |a 24  |w stu35604_0001 
996 |b 284M023020  |c M*7145-2  |l MMKN  |s A  |a 24  |w stu35604_0002